000 01472cam a22003614a 4500
001 12953706
003 OSt
005 20150408114148.0
008 021001s2003 nyua b 001 0 eng
010 _a 2002035061
020 _a007138183X (alk. paper)
035 _a(DNLM)101156461
040 _aDNLM/DLC
_cDLC
_dDLC
042 _apcc
050 0 0 _aQM451
_b.M27 2003
060 1 0 _aWL 300
_bM381n 2003
082 0 0 _a611.8
_221
_bMJN
100 1 _aMartin, John H.
_q(John Harry),
_d1951-
_939094
245 1 0 _aNeuroanatomy :
_btext and atlas /
_cJohn H. Martin ; medical photography by Howard J. Radzyner ; illustrated by Michael E. Leonard.
250 _a3rd ed.
260 _aNew York, N.Y. :
_bMcGraw-Hill,
_cc2003.
300 _axxiv, 532 p. :
_bill. ;
_c28 cm.
504 _aIncludes bibliographical references and index.
650 0 _aNeuroanatomy.
_911004
650 0 _aNeuroanatomy
_vAtlases.
_939095
650 1 2 _aCentral Nervous System
_xanatomy & histology.
_939096
650 2 2 _aCentral Nervous System
_xanatomy & histology
_vAtlases.
_939097
856 4 2 _3Publisher description
_uhttp://www.loc.gov/catdir/description/mh031/2002035061.html
856 4 2 _3Contributor biographical information
_uhttp://www.loc.gov/catdir/enhancements/fy0739/2002035061-b.html
906 _a7
_bcbc
_corignew
_d1
_eocip
_f20
_gy-gencatlg
942 _2ddc
_cBOOK
999 _c31762
_d266262